000 00645nam a2200217Ia 4500
003 GCL
008 140319s9999 xx 000 0 ara d
040 _aGCL /
_cGCL
082 0 4 _a616.39
_bك ت
100 1 _aكنج, م.هـ.
245 1 0 _aالتغذية فى البلدان النامية /
_cكنج, م.هـ.
700 1 _aكنج, ف.م
700 1 _aسعد خليل شهاب
260 _a[S.N] :
_bالهيئة المصرية العامة للكتاب ،
_c1990
300 _a367 ص
490 _aالالف كتاب
_v0
650 0 4 _aامراض
650 0 4 _aالتغذية
650 0 4 _aسوء التغذية
942 _2ddc
_cBK
999 _c27715
_d27715